000 00667nam a2200253Ia 4500
003 OSt
005 20221005115554.0
006 a|||||r|||| 00| 0
007 ta
008 221004b |||||||| |||| 00| 0 eng d
024 _a52284
037 _cTextual
040 _aCRL
_cCRL
_beng
041 _2eng
_aeng
082 _aQ44:417x, J4
100 _aRobinson Richard Tr.
_9627775
245 0 _aChinese Buddhist verse
260 _c1954
490 _a(Wisdom of the east series,ed.by J.l.Cranmer-bying,).
650 _a RELIGION
650 _aBUDDHISM
942 _hQ44:417x, J4
_cTEXL
_2cc
999 _c1035248
_d1035248